00445nam a2200193 a 4500001001300000003000900013005001700022008004100039020000900080082001600089100001600105245002200121260002700143300000900170500003500179505001000214650001100224700001600235nice12345678IN_TiNIC20260116012342.0050524s1981 dela grp 000 0 eng  ac6000a297.4bMAS1 aMasani, R P aPersian Mysticism aDelhibAward Pubc1981 a128p aincludes index and biblioraphy2 aIndex aSufism1 aMasani, R P